Visualizzazione normale
Vista MARC
- Hall Henry
di Personal Name
Records bibliografici associati: 1
001 - CONTROL NUMBER
- control field: 951
003 - CONTROL NUMBER IDENTIFIER
- control field: IT-RoPau
005 - DATE AND TIME OF LATEST TRANSACTION
- control field: 20131104220320.0
008 - FIXED-LENGTH DATA ELEMENTS
- fixed length control field: 131104|| aca||aabn | a|a d
040 ## - CATALOGING SOURCE
- Original cataloging agency: IT-RoPau
- Transcribing agency: IT-RoPau
100 ## - HEADING--PERSONAL NAME
- Personal name: Hall Henry
- Dates associated with a name: Codice autore musica SPICS: 13271
- Name of part/section of a work: Home
670 ## - SOURCE DATA FOUND
- Source citation: Work cat.: (IT-RoPau)100098: AA.VV. 794, Shining (The)-Colonna sonora (Lp W 56827)